Shapmochan / (Record no. 43499)
[ view plain ]
| 000 -LEADER | |
|---|---|
| fixed length control field | 01182njm a22002417a 4500 |
| 005 - DATE AND TIME OF LATEST TRANSACTION | |
| control field | 20100903110051.0 |
| 006 - FIXED-LENGTH DATA ELEMENTS--ADDITIONAL MATERIAL CHARACTERISTICS--GENERAL INFORMATION | |
| fixed length control field | a|||||r|||||00| 0 |
| 007 - PHYSICAL DESCRIPTION FIXED FIELD--GENERAL INFORMATION | |
| fixed length control field | sd ammalaaahaa |
| 008 - FIXED-LENGTH DATA ELEMENTS--GENERAL INFORMATION | |
| fixed length control field | 100830t xxu||||| |||| 00| 0 eng d |
| 028 ## - PUBLISHER NUMBER | |
| Publisher number | GE.30291 |
| Source | Columbia |
| 035 ## - SYSTEM CONTROL NUMBER | |
| System control number | GR-358 |
| 040 ## - CATALOGING SOURCE | |
| Original cataloging agency | SED |
| Transcribing agency | SED |
| 100 ## - MAIN ENTRY--PERSONAL NAME | |
| Personal name | Paluskar, D. V. |
| 9 (RLIN) | 17814 |
| 245 ## - TITLE STATEMENT | |
| Title | Shapmochan / |
| Statement of responsibility, etc | by D. V. Paluskar; music direction by Hemanta Mukherjee |
| Medium | [soung recording] : |
| 246 ## - VARYING FORM OF TITLE | |
| Title proper/short title | शापमोचन / द्वारा डी. वी. पलुस्कर |
| 260 ## - PUBLICATION, DISTRIBUTION, ETC. (IMPRINT) | |
| Place of publication, distribution, etc | Dum Dum, India |
| Name of publisher, distributor, etc | Columbia |
| 300 ## - PHYSICAL DESCRIPTION | |
| Extent | 1 sound disc [Gramophone Recording] : |
| Other physical details | analog, 33 1/3 rpm |
| Dimensions | 9.5 in (MP) |
| Type of unit | Gramophone Record |
| 500 ## - GENERAL NOTE | |
| General note | Brief record |
| 505 ## - FORMATTED CONTENTS NOTE | |
| Formatted contents note | Side-1 कलियन संग करत रंग रेलियाँ- भाग-1 (Kaliyan sang karat rang reliyaan- Part-1) (D. V. Paluskar) --Side-2 कलियन संग करत रंग रेलियाँ- भाग-2 (Kaliyan sang karat rang reliyaan- Part-2) (D. V. Paluskar) |
| 650 ## - SUBJECT ADDED ENTRY--TOPICAL TERM | |
| Topical term following geographic name as entry element | Classical music |
| General subdivision | Excerpts. |
| Geographic subdivision | India |
| 9 (RLIN) | 17460 |
| 942 ## - ADDED ENTRY ELEMENTS (KOHA) | |
| Source of classification or shelving scheme | Dewey Decimal Classification |
| Item type | Gramaphone Records |
| Withdrawn status | Lost status | Source of classification or shelving scheme | Damaged status | Not for loan | Collection code | Home library | Current library | Date acquired | Source of acquisition | Total Checkouts | Barcode | Date last seen | Copy number | Price effective from | Koha item type |
|---|---|---|---|---|---|---|---|---|---|---|---|---|---|---|---|
| Dewey Decimal Classification | Non-fiction | Central Library | Central Library | 03/09/2010 | SED/VEN | GR-358 | 03/09/2010 | 1 | 03/09/2010 | Gramaphone Records |
